| 000 | 01025cam a2200205 4500 | ||
|---|---|---|---|
| 001 | WB3903-07 | ||
| 008 | 030122n2003 000 0 eng u | ||
| 035 | _a(Sirsi) u121092 | ||
| 245 | _aHousebuyers hold back | ||
| 260 | _c2003 | ||
| 490 |
_aRICS Press Release _v(pr005) 23 January 2003, (1) |
||
| 520 | _aThe latest "RICS Housing market survey England and Wales" reveals that househunters are delaying their buying plans while they wait to see which way the market moves. It also shows prices rising in all regions except London, where the figures show a slight fall, although this market has at least stabilised. The survey can be found at http://www.rics.org/ricscms/bin/show?class=MarketSurvey&template=/includes/showmarketsurvey.html&id=4 5 http://www.rics.org/ricscms/bin/show?class=PressRelease&template=/includes/showpr.html&id=854 | ||
| 590 | _aWB | ||
| 650 | _aMARKET SURVEYS | ||
| 650 | _aHOUSE BUYERS | ||
| 650 |
_aRESIDENTIAL PROPERTY _96266 |
||
| 650 | _aSURVEYS | ||
| 690 | _aHOUSING | ||
| 942 | _n0 | ||
| 999 |
_c71953 _d71953 |
||